Technologie elektronických zařízení 2

Saved in:
Bibliographic Details
Main Author: Vackář, Jiří (Author)
Format: Book
Language:Czech
Published: Praha : České vysoké učení technické v Praze, 1983
Edition:1. vyd.
Tags: Add Tag
No Tags, Be the first to tag this record!

MARC

LEADER 00000nam a22000003a 4500
001 stu25949
005 20150617225746.0
008 980605s1983------------------------cze-d
040 |a STU  |b slo 
041 0 |a cze 
100 1 |a Vackář, Jiří  |4 aut 
245 1 |a Technologie elektronických zařízení 2 
250 |a 1. vyd. 
260 |a Praha :  |b České vysoké učení technické v Praze,  |c 1983 
300 |a 175 s 
996 |b 284ES24217  |c E*S-19085  |l EE01  |s A  |a 24  |w stu25949_0003 
996 |b 284ES17706  |c E*S-19087  |l EE01  |s A  |a 24  |w stu25949_0005 
996 |b 284ES17713  |c E*S-19090  |l EE01  |s A  |a 24  |w stu25949_0008